النمر / (رقم التسجيلة. 34411)

تفاصيل مارك
000 -LEADER
fixed length control field 00615nam a22001937a 4500
005 - DATE AND TIME OF LATEST TRANSACTION
control field 20251108165914.0
008 - FIXED-LENGTH DATA ELEMENTS--GENERAL INFORMATION
fixed length control field 250721s1992 xx 000 0 ara d
082 14 - DEWEY DECIMAL CLASSIFICATION NUMBER
Classification number ط/599.74/صوف
100 1# - MAIN ENTRY--PERSONAL NAME
Personal name صوفان، أحمد
Relator term مؤلف
245 10 - TITLE STATEMENT
Title النمر /
264 1# - PRODUCTION, PUBLICATION, DISTRIBUTION, MANUFACTURE, AND COPYRIGHT NOTICE
Place of production, publication, distribution, manufacture بيروت :
Name of producer, publisher, distributor, manufacturer المؤسسة العربيه للدراسات و النشر،
Date of production, publication, distribution, manufacture, or copyright notice 1992.
300 ## - PHYSICAL DESCRIPTION
Extent 32ص: مص
490 0# - SERIES STATEMENT
Series statement حيوانات العالم
Volume/sequential designation 12
650 17 - SUBJECT ADDED ENTRY--TOPICAL TERM
Topical term or geographic name as entry element الببريات ( فصيله )
653 ## - INDEX TERM--UNCONTROLLED
Uncontrolled term ناشئون صغار (10-14) سنة
700 1# - ADDED ENTRY--PERSONAL NAME
Personal name جار الله، هانئه
942 ## - ADDED ENTRY ELEMENTS (KOHA)
Source of classification or shelving scheme Dewey Decimal Classification
Koha item type كتب
المقتنيات
حالة السحب حالة الفقدان مصدر التصنيف حالة التلف غير قابل للإعارة المكتبة الرئيسية المكتبة الحالية موقع الرف تاريخ التزويد الرقم المتسلسل Total Checkouts رقم الإستدعاء تاريخ آخر ظهور تاريخ الفاتورة نوع المادة (كوها) الباركود
    Dewey Decimal Classification     المكتبة المركزية المكتبة المركزية   28/07/2025 1765387   ط/599.74/صوف 28/07/2025 28/07/2025 كتب  
    Dewey Decimal Classification Unchecked   مكتبة أم قصير والمقابلين العامة مكتبة أم قصير والمقابلين العامة الأطفال 06/07/2004 3358   ط/599.74/صوف 28/07/2025 06/07/2004 كتب  
    Dewey Decimal Classification     مكتبة الاميرة بديعة مكتبة الاميرة بديعة الأطفال 27/06/2015 [1484].   ط/599.74/صوف 28/07/2025 27/06/2015 كتب PLD00334377
    Dewey Decimal Classification Unchecked   مكتبة الراية الهاشمية للأطفال مكتبة الراية الهاشمية للأطفال الإعارة 28/07/2025 296449   ط/599.74/صوف 28/07/2025 28/07/2025 كتب  
    Dewey Decimal Classification Unchecked   مكتبة النصر العامة مكتبة النصر العامة الأطفال 06/07/2004 2710   ط/599.74/صوف 28/07/2025 06/07/2004 كتب  
    Dewey Decimal Classification     مكتبة حمزة العامة مكتبة حمزة العامة الأطفال 26/07/2018 1677348   ط/599.74/صوف 28/07/2025 26/07/2018 كتب PLD00425173
    Dewey Decimal Classification     مكتبة صويلح العامة مكتبة صويلح العامة الأطفال 17/07/2019 01866   ط/599.74/صوف 28/07/2025 17/07/2019 كتب PLD00457869
Implemented & Customized by: BBB with SCIT (Smart Chains for Information Technology)

Powered by Koha